|
|
|
|
| LEADER |
00000nta a2200000 i 4500 |
| 001 |
dolg22800 |
| 005 |
20191010142755.0 |
| 008 |
191010suuuu hu o 000 hun d |
| 040 |
|
|
|a BGE Dolgozattár Repozitórium
|b hun
|
| 041 |
|
|
|a hu
|
| 100 |
1 |
|
|a Enyedi-Fehér dr Nikoletta Csilla
|
| 245 |
1 |
0 |
|a Brief coaching és GROW modell alkalmazása a coaching ülés alatt
|c Enyedi-Fehér dr Nikoletta Csilla
|h [elektronikus dokumentum]
|
| 695 |
|
|
|a Brief coaching
|
| 695 |
|
|
|a grow modell
|
| 700 |
1 |
|
|a Németh Dr. János Pál
|e ths
|
| 856 |
4 |
0 |
|u http://dolgozattar.uni-bge.hu/22800/1/dr%20Enyedi%20-Feh%C3%A9r%20Nikoletta%20Csilla%20Szakdolgozat.pdf
|z Dokumentum-elérés
|
| 856 |
4 |
0 |
|u http://dolgozattar.uni-bge.hu/22800/11/Enyedi_nyilatkozat.jpg
|z Dokumentum-elérés
|
| 856 |
4 |
0 |
|u http://dolgozattar.uni-bge.hu/22800/16/titkos%C3%ADt%C3%A1s_Enyedi.pdf
|z Dokumentum-elérés
|